Prolégomènes de l'historie des religions
Збережено в:
| Автор: | |
|---|---|
| Формат: | Книга |
| Мова: | Французька |
| Опубліковано: |
París
Fischbacher
1886
|
| Предмети: | |
| Теги: |
Додати тег
Немає тегів, Будьте першим, хто поставить тег для цього запису!
|
MARC
| LEADER | 00000nam a2200000 a 4500 | ||
|---|---|---|---|
| 001 | UCP4953 | ||
| 003 | CL-VaPUC | ||
| 008 | 990821e18860000FR |||||||||||||||||fre|d | ||
| 082 | 0 | 4 | |a 200.9 |b REV |2 21 |
| 100 | 0 | |a Réville, A |e author |9 433040 | |
| 245 | 1 | 0 | |a Prolégomènes de l'historie des religions |
| 300 | |a 320 p | ||
| 942 | |c BK | ||
| 945 | |d 19990821 00:00:00 |a crobeson | ||
| 260 | |a París |b Fischbacher |c 1886 | ||
| 650 | 0 | |a Religión |9 255164 | |
| 650 | 0 | |a Historia religiosa |9 314583 | |
| 650 | 7 | |a RELIGION PRIMITIVA |2 CL-VaPUC |9 266890 | |
| 650 | 0 | |a Mitología |9 255719 | |
| 650 | 0 | |a Ritos sagrados |9 389594 | |
| 650 | 7 | |a SACRIFICIO |2 CL-VaPUC |9 399221 | |
| 650 | 0 | |a Sacerdotes |9 315705 | |
| 650 | 0 | |a Profetas |9 314377 | |
| 650 | 0 | |a Teología |9 258766 | |
| 650 | 0 | |a Filosofía |9 223554 | |
| 650 | 0 | |a Moral |9 265913 | |
| 650 | 0 | |a Arte |9 265238 | |
| 650 | 0 | |a Civilización |9 255823 | |
| 650 | 0 | |a Ciencia |9 255691 | |
| 583 | |a last modification |c 19990821 00:00:00 |k Rodrigo Vera | ||
| 999 | |c 282841 |d 282839 | ||
| 952 | |0 0 |1 0 |4 0 |6 200_900000000000000_REV_1886 |7 0 |8 X |9 325313 |a BIBHIS |b BIBHIS |d 2019-11-20 |i 1355848 |o 200.9 REV 1886 |p 1355848 |r 2024-01-30 |w 2019-11-20 |y BK_X |k HIS | ||